Indicadores para el monitoreo, advertencia y prevención del reclutamiento y utilización niños, niñas y adolescentes (Registro nro. 300831)

Detalles MARC
000 -ENCABEZADO
Número de control [NR] 00915 a2200217 4500
005 - FECHA Y HORA DE LA ÚLTIMA TRANSACCIÓN
control field 20150826080919.0
008 - DE LONGITUD FIJA DE DATOS DE ELEMENTOS - INFORMACIÓN GENERAL
Elementos de longitud fija [NR] 150826s2014 ck d fr|||| 000 0 spa d
020 ## - NUMERO INTERNACIONAL NORMALIZADO PARA LIBROS [R]
Número Internacional Normalizado del libro [NR] 187973
040 ## - FUENTE DE CATALOGACION [NR]
Agencia de catalogación original [NR] CO-BoUCM
Idioma de catalogación [NR] spa
Quien Cataloga Sandra Palacio
Quien Clasifica Sandra Palacio
041 0# - CODIGO DE IDIOMA [R]
Código de idioma para texto/pista de sonido o título separado [R] Español
110 1# - ASIENTO PRINCIPAL--NOMBRE CORPORATIVO [NR]
Nombre corporativo o de jurisdicción como elemento de entrada [NR] Defensoría del Pueblo
ID de autoridad 37191
245 1# - MENCION DE TITULO [NR]
Título [NR] Indicadores para el monitoreo, advertencia y prevención del reclutamiento y utilización niños, niñas y adolescentes
Mención de responsabilidad, etc. [NR] Defensoría del Pueblo
260 ## - PUBLICACION, DISTRIBUCION, ETC. (PIE DE IMPRENTA) [R]
Fecha de publicación, distribución, etc. [R] 2015
Nombre del editor, distribuidor, etc. [R] Defensoría del Pueblo
-- Imprenta Nacional de Colombia
Lugar de publicación, distribución, etc. [R] Bogotá (Colombia)
300 ## - DESCRIPCION FISICA [R]
Extensión [R] 42 páginas
Otros detalles físicos [NR] tablas
650 #7 - ASIENTO SECUNDARIO DE MATERIA - TERMINO TEMATICO [R]
9 (RLIN) 23791
Término temático o nombre geográfico como elemento de entrada [NR] Riesgo (Psicología)
Subdivisión de forma [R] Grupos armados
Subdivisión general [R] Reclutamiento
Subdivisión geográfica [R] Colombia
650 #7 - ASIENTO SECUNDARIO DE MATERIA - TERMINO TEMATICO [R]
Término temático o nombre geográfico como elemento de entrada [NR] Derechos del niño
Subdivisión geográfica [R] Colombia
9 (RLIN) 38070
650 #7 - ASIENTO SECUNDARIO DE MATERIA - TERMINO TEMATICO [R]
9 (RLIN) 16640
Término temático o nombre geográfico como elemento de entrada [NR] Guerrillas
Subdivisión general [R] Reclutamiento
Subdivisión geográfica [R] Colombia
690 ## - ASUNTO AGREGADO LOCAL DE ENTRADA - TÉRMINO TEMÁTICO (OCLC, RLIN)
9 (RLIN) 42914
Acceso temático local Sociología
942 ## - ELEMENTOS DE ENTRADA AGREGADOS (KOHA)
Sistema de clasificación DEWEY
Tema principal Sociología
Tipo de ítem principal el descrito en 300a Libro
Edición 1
Clasificación 305.235
Parte restante de la signatura top. i398
Existencias
Total préstamos Signatura topográfica Código de barras Última vez visto Ejemplar Costo de reposición Price effective from Tipo de ítem Perdido Sistema de clasificación Dañado No prestable Tipo de ítem específico Suprimido Ubicación habitual Ubicación actual Localización Fecha de creación Proveedor Forma de adquisición Costo
  305.235 i398 100147258 09/12/2025 Ej.1 26000.00 14/08/2015 Libro   DEWEY     Libro   Claustro Claustro 2do piso 14/08/2015 12 Donación 0.00